Šport a kultúra

Sponzorovanie športu a kultúry. Najväčší klub a najväčšia banka na Slovensku. Parkúr - cesta k sponzorstvu, imidžu a komunikácii. Divadelný marketing - Nová Scéna, Štúdio S. Atletický míting Slovnaft - reklama predávaná v balíkoch.

Salvato in:
Dettagli Bibliografici
Natura: Capitolo di libro
Lingua:slovacco
Soggetti:
Tags: Aggiungi Tag
Nessun Tag, puoi essere il primo ad aggiungerne!!

MARC

LEADER 00000naa a2200000 4500
001 r019463
005 20221213100703.7
041 0 |a slo 
044 |a SK 
245 1 0 |a Šport a kultúra 
520 |a Sponzorovanie športu a kultúry. Najväčší klub a najväčšia banka na Slovensku. Parkúr - cesta k sponzorstvu, imidžu a komunikácii. Divadelný marketing - Nová Scéna, Štúdio S. Atletický míting Slovnaft - reklama predávaná v balíkoch. 
610 2 0 |a marketing 
610 2 0 |a kultúra 
610 2 0 |a telovýchova 
610 2 0 |a šport 
610 2 0 |a sponzorovanie 
610 2 0 |a reklama